France Logo Quiz #3 - Statistics

General Stats
  • This quiz has been taken 18 times
  • The average score is 8 of 20
Answer Stats
Picture Answer % Correct
Sephora
92%
Tour de France
92%
Perrier
77%
Axe
62%
BlaBlaCar
62%
Tefal
62%
Activia
46%
Vichy
46%
Balenciaga
38%
Eurosport
31%
Gameloft
31%
Salomon
31%
Veolia
31%
Festival de Cannes
23%
Hennessy
23%
Rossignol
23%
Rowenta
23%
Saint-Gobain
23%
Agicap
15%
Essilor
15%
No matching quizzes found
Score Distribution
Percent of People with Each Score
Percentile by Number Answered
Your Score History
You have not taken this quiz